[Event "Opole AZS op 1st"]
[Site "Opole"]
[Date "2023.08.15"]
[Round "6"]
[White "Lewicki, Miroslaw"]
[Black "Dylong, Antoni"]
[Result "1-0"]
[WhiteElo "2358"]
[BlackElo "1885"]
[PlyCount "153"]
[EventDate "2023.08.15"]
[EventType "swiss (rapid)"]
[EventRounds "9"]
[EventCountry "POL"]
[SourceTitle "EXT 2024"]
[Source "ChessBase"]
[SourceDate "2023.10.10"]
[SourceVersion "1"]
[SourceVersionDate "2023.10.10"]
[SourceQuality "1"]

1. e4 e6 2. d4 d5 3. Nd2 Nf6 4. exd5 exd5 5. Ngf3 Bd6 6. Be2 0-0 7. 0-0 Bg4 8. h3 Bh5 9. c4 Re8 10. cxd5 Nxd5 11. Nc4 Nc6 12. Re1 Bf4 13. Nfe5 Bxe2 14. Rxe2 Bxe5 15. Nxe5 Nxe5 16. Rxe5 Rxe5 17. dxe5 c6 18. b3 Qe7 19. Bb2 Rd8 20. Qf3 Nb6 21. a4 Rd5 22. Re1 Qe6 23. Qe3 h6 24. f4 Qf5 25. Bd4 Nc8 26. Rf1 Qd7 27. Ba1 Rd3 28. Qe2 Rxb3 29. f5 Qd3 30. Qa2 Ra3 31. Qb2 Rb3 32. Qa2 Ra3 33. Qb2 Rb3 34. Qc1 Qe3+ 35. Qxe3 Rxe3 36. Rd1 Ne7 37. Bd4 Re2 38. Kf1 Ra2 39. f6 gxf6 40. exf6 Nd5 41. Bxa7 Rxa4 42. Bd4 Kh7 43. Kf2 Kg6 44. Be5 Re4 45. Ba1 Nxf6 46. Rd8 Re6 47. g4 b5 48. Bd4 h5 49. Kf3 hxg4+ 50. hxg4 Ne8 51. Rb8 f6 52. Kf4 Nd6 53. Bc5 Nc4 54. Rg8+ Kf7 55. Rf8+ Kg7 56. Rc8 Ne5 57. Kf5 Nd3 58. Kxe6 Nxc5+ 59. Kf5 b4 60. Rc7+ Kg8 61. Rxc6 Nd7 62. Rc7 Nb6 63. Rb7 Nd5 64. Rb5 Ne3+ 65. Kf4 Nc2 66. Rb7 Kf8 67. Ke4 Kg8 68. Kd3 Ne1+ 69. Ke2 Nc2 70. Kd2 Nd4 71. Kd3 Nc6 72. Ke4 Kf8 73. Kf5 Ne5 74. g5 Nf7 75. Rb8+ Ke7 76. gxf6+ Kd6 77. Rxb4 1-0

[Event "Warsaw Najdorf Memorial op-A"]
[Site "Warsaw"]
[Date "2023.07.18"]
[Round "8"]
[White "Babiarz, Arkadiusz"]
[Black "Dylong, Antoni"]
[Result "1-0"]
[WhiteElo "1976"]
[BlackElo "2039"]
[PlyCount "63"]
[EventDate "2023.07.11"]
[EventType "swiss"]
[EventRounds "9"]
[EventCountry "POL"]
[SourceTitle "EXT 2024"]
[Source "ChessBase"]
[SourceDate "2023.10.10"]
[SourceVersion "1"]
[SourceVersionDate "2023.10.10"]
[SourceQuality "1"]

1. e4 e6 2. d4 d5 3. Nc3 Nc6 4. e5 f6 5. Bb5 Bd7 6. Nf3 Qe7 7. 0-0 Qf7 8. Ne2 0-0-0 9. a4 Nge7 10. b4 fxe5 11. dxe5 h6 12. Ned4 g5 13. Bxc6 Nxc6 14. Nxc6 Bxc6 15. b5 Be8 16. Be3 Kb8 17. Qd4 b6 18. Rfb1 Bc5 19. Qc3 g4 20. Nd4 Bxd4 21. Bxd4 h5 22. a5 h4 23. Qe3 Rd7 24. Qa3 Qe7 25. Qa4 h3 26. axb6 cxb6 27. Bxb6 hxg2 28. Be3 Rxh2 29. b6 Rh1+ 30. Kxg2 Rxb1 31. bxa7+ Ka8 32. Qc6+ 1-0

[Event "Warsaw Najdorf Memorial op-A"]
[Site "Warsaw"]
[Date "2023.07.14"]
[Round "4"]
[White "Rasmussen, Jonas H"]
[Black "Dylong, Antoni"]
[Result "1/2-1/2"]
[WhiteElo "1970"]
[BlackElo "2039"]
[PlyCount "95"]
[EventDate "2023.07.11"]
[EventType "swiss"]
[EventRounds "9"]
[EventCountry "POL"]
[SourceTitle "EXT 2024"]
[Source "ChessBase"]
[SourceDate "2023.10.10"]
[SourceVersion "1"]
[SourceVersionDate "2023.10.10"]
[SourceQuality "1"]

1. d4 Nf6 2. Nf3 e6 3. c3 d5 4. Bf4 Bd6 5. Bg3 0-0 6. e3 c5 7. Bd3 Nc6 8. 0-0 b6 9. Nbd2 Bb7 10. Ne5 Ne7 11. Ng4 Ne4 12. Bh4 f6 13. f3 Nxd2 14. Qxd2 h5 15. Nf2 Qc7 16. f4 Nf5 17. Bxf5 exf5 18. Nd3 c4 19. Ne1 Qe7 20. Nf3 Kf7 21. Ne5+ Bxe5 22. fxe5 g5 23. Bg3 Kg6 24. exf6 Rxf6 25. h4 Re6 26. Qf2 Rf8 27. hxg5 Qxg5 28. Rae1 Kh7 29. Qf4 Qxf4 30. Bxf4 Rg6 31. Rf3 Rg4 32. Rh3 Kg6 33. Kf2 Rh8 34. Reh1 Rh7 35. g3 Bc6 36. Ke2 Be8 37. Kd2 Ba4 38. Rb1 Rb7 39. b3 Bb5 40. a4 Ba6 41. b4 b5 42. a5 Rh7 43. Rbh1 Bc8 44. Rh4 a6 45. Ke2 Be6 46. Kf3 Bc8 47. Kf2 Be6 48. Kf3 1/2-1/2

[Event "Warsaw Najdorf Memorial op-A"]
[Site "Warsaw"]
[Date "2023.07.12"]
[Round "2"]
[White "Smetek, Michal"]
[Black "Dylong, Antoni"]
[Result "1-0"]
[WhiteElo "1943"]
[BlackElo "2039"]
[PlyCount "73"]
[EventDate "2023.07.11"]
[EventType "swiss"]
[EventRounds "9"]
[EventCountry "POL"]
[SourceTitle "EXT 2024"]
[Source "ChessBase"]
[SourceDate "2023.10.10"]
[SourceVersion "1"]
[SourceVersionDate "2023.10.10"]
[SourceQuality "1"]

1. d4 Nf6 2. c4 e6 3. g3 c5 4. Nf3 cxd4 5. Nxd4 Nc6 6. Bg2 Be7 7. 0-0 0-0 8. Nc3 Qc7 9. b3 a6 10. Bb2 b6 11. Nxc6 dxc6 12. Qc2 Bb7 13. Ne4 Nxe4 14. Qxe4 Rfd8 15. Rfd1 Rxd1+ 16. Rxd1 Rd8 17. Rxd8+ Qxd8 18. Bd4 Bf6 19. Bxf6 Qxf6 20. Qd3 Qe7 21. h4 h5 22. Qe4 Qd6 23. Qe3 Qc7 24. c5 b5 25. Qd4 Bc8 26. Qe4 Bd7 27. b4 g6 28. f4 Kg7 29. Qd3 Bc8 30. Kf2 Qd7 31. Qd6 Qxd6 32. cxd6 Bd7 33. Ke3 f6 34. Kd4 Kf7 35. Kc5 e5 36. fxe5 fxe5 37. Bxc6 1-0

[Event "Bohumin op-A 6th"]
[Site "Bohumin"]
[Date "2023.07.04"]
[Round "4"]
[White "Sebesta, Jan"]
[Black "Dylong, Antoni"]
[Result "1/2-1/2"]
[WhiteElo "1915"]
[BlackElo "2039"]
[PlyCount "63"]
[EventDate "2023.07.01"]
[EventType "swiss"]
[EventRounds "9"]
[EventCountry "CZE"]
[SourceTitle "CBM 215 Extra"]
[Source "ChessBase"]
[SourceDate "2023.09.30"]
[SourceVersion "1"]
[SourceVersionDate "2023.09.30"]
[SourceQuality "1"]

1. e4 e6 2. d4 d5 3. Nc3 Nc6 4. exd5 exd5 5. Nf3 Bb4 6. Bd2 Nge7 7. a3 Bd6 8. Bd3 0-0 9. Nb5 Bf5 10. Bxf5 Nxf5 11. 0-0 a6 12. Nxd6 Qxd6 13. c3 Rfe8 14. Re1 f6 15. Qc2 Qd7 16. Bf4 Nfe7 17. Nd2 Ng6 18. Bg3 Nce7 19. Nb3 b6 20. Rad1 Kf7 21. Re2 Ng8 22. Rde1 f5 23. Be5 Nf6 24. f3 Re7 25. Qd3 a5 26. Bxf6 Rxe2 27. Qxe2 Kxf6 28. Nc1 Qe7 29. Qxe7+ Nxe7 30. Nd3 Ng6 31. Kf2 Rc8 32. Ne5 1/2-1/2

[Event "Bohumin op-A 6th"]
[Site "Bohumin"]
[Date "2023.07.03"]
[Round "3"]
[White "Dylong, Antoni"]
[Black "Kolar, Stanislav"]
[Result "1/2-1/2"]
[WhiteElo "2039"]
[BlackElo "1942"]
[PlyCount "110"]
[EventDate "2023.07.01"]
[EventType "swiss"]
[EventRounds "9"]
[EventCountry "CZE"]
[SourceTitle "CBM 215 Extra"]
[Source "ChessBase"]
[SourceDate "2023.09.30"]
[SourceVersion "1"]
[SourceVersionDate "2023.09.30"]
[SourceQuality "1"]

1. d4 Nf6 2. c4 e6 3. Nc3 Bb4 4. Qc2 c5 5. dxc5 Bxc5 6. Nf3 h6 7. e4 d6 8. Be2 Nc6 9. 0-0 a6 10. a3 0-0 11. b4 Nd4 12. Qd3 Nxe2+ 13. Nxe2 Ba7 14. Rd1 Ng4 15. Rf1 Qf6 16. Rb1 Rd8 17. Bb2 Ne5 18. Nxe5 dxe5 19. Qg3 Bd4 20. Nxd4 exd4 21. e5 Qf5 22. Rfd1 Bd7 23. Rbc1 Ba4 24. Rxd4 Rxd4 25. Bxd4 Rd8 26. Qe3 Qg4 27. f4 Bc6 28. g3 Rxd4 29. Qxd4 Qf3 30. Qd8+ Kh7 31. Qd2 Qh1+ 32. Kf2 Qxh2+ 33. Ke3 Qxg3+ 34. Kd4 Qxa3 35. Qc3 Qxc3+ 36. Rxc3 g5 37. fxg5 hxg5 38. Kc5 Kg6 39. b5 axb5 40. cxb5 Bd5 41. Kd4 f5 42. exf6 Kxf6 43. Rc8 Kf5 44. Ke3 g4 45. Rg8 Bf3 46. b6 Ke5 47. Rg7 Kd6 48. Rg6 Bd5 49. Rxg4 Kc5 50. Rg1 Kxb6 51. Kd4 Kc6 52. Rc1+ Kd6 53. Rc8 e5+ 54. Kc3 Bc6 55. Kc4 Bd5+ 1/2-1/2

[Event "Pobeskydy Talents op 42nd"]
[Site "Frydek Mistek"]
[Date "2023.04.07"]
[Round "3"]
[White "Dylong, Antoni"]
[Black "Fizer, Marek"]
[Result "0-1"]
[WhiteElo "2002"]
[BlackElo "2135"]
[PlyCount "96"]
[EventDate "2023.04.06"]
[EventType "swiss"]
[EventRounds "9"]
[EventCountry "CZE"]
[SourceTitle "EXT 2024"]
[Source "ChessBase"]
[SourceDate "2023.10.10"]
[SourceVersion "1"]
[SourceVersionDate "2023.10.10"]
[SourceQuality "1"]

1. e4 c5 2. c3 d5 3. exd5 Nf6 4. d4 Nxd5 5. Nf3 cxd4 6. Nxd4 g6 7. Bc4 Nb6 8. Bb5+ Bd7 9. 0-0 Bg7 10. Be3 0-0 11. Bxd7 N8xd7 12. Nd2 Ne5 13. Qe2 Rc8 14. Rfd1 Nd5 15. N2f3 Nxe3 16. Qxe3 Nc4 17. Qe2 Qb6 18. Rab1 e5 19. Nb3 Qa6 20. a3 Qb5 21. Qc2 Rfd8 22. Nbd2 Nxd2 23. Rxd2 Rxd2 24. Qxd2 e4 25. Nd4 Qd5 26. Rd1 Bf6 27. Nc2 Qb3 28. Ne3 Rd8 29. Qe2 Rd3 30. Kf1 a5 31. Rxd3 exd3 32. Qd2 b5 33. g3 b4 34. axb4 a4 35. Nd1 Qd5 36. Kg1 Qf3 37. Ne3 Qe2 38. Nc4 Qe4 39. Ne3 Bg5 40. f4 Bd8 41. c4 Bf6 42. Kf2 Qd4 43. c5 Kf8 44. c6 Ke8 45. b5 Qxb2 46. Qxb2 Bxb2 47. Nd5 Bd4+ 48. Ke1 a3 0-1

[Event "Wroclaw Anderssen Memorial"]
[Site "Wroclaw"]
[Date "2022.07.30"]
[Round "9"]
[White "Majcher, Igor"]
[Black "Dylong, Antoni"]
[Result "1/2-1/2"]
[WhiteElo "1449"]
[BlackElo "1576"]
[PlyCount "37"]
[EventDate "2022.07.30"]
[EventType "swiss (rapid)"]
[EventRounds "9"]
[EventCountry "POL"]
[SourceTitle "CBM 209 Extra"]
[Source "ChessBase"]
[SourceDate "2022.09.30"]
[SourceVersion "1"]
[SourceVersionDate "2022.09.30"]
[SourceQuality "1"]

1. e4 e6 2. d4 d5 3. Nc3 Nc6 4. exd5 exd5 5. Bb5 Nf6 6. Nf3 Be7 7. 0-0 0-0 8. h3 a6 9. Bxc6 bxc6 10. Ne5 Bb7 11. Be3 Nd7 12. f4 Nxe5 13. fxe5 Qd7 14. Qd3 Rad8 15. Rad1 f6 16. exf6 Rxf6 17. Rxf6 Bxf6 18. Na4 Be7 19. Rf1 1/2-1/2

[Event "Wroclaw Anderssen Memorial"]
[Site "Wroclaw"]
[Date "2022.07.30"]
[Round "3"]
[White "Ptak, Pawel"]
[Black "Dylong, Antoni"]
[Result "0-1"]
[WhiteElo "1351"]
[BlackElo "1576"]
[PlyCount "46"]
[EventDate "2022.07.30"]
[EventType "swiss (rapid)"]
[EventRounds "9"]
[EventCountry "POL"]
[SourceTitle "CBM 209 Extra"]
[Source "ChessBase"]
[SourceDate "2022.09.30"]
[SourceVersion "1"]
[SourceVersionDate "2022.09.30"]
[SourceQuality "1"]

1. e4 e6 2. d4 d5 3. e5 c5 4. c3 Qb6 5. Nf3 Nc6 6. b3 cxd4 7. Nxd4 Nxe5 8. Bf4 Ng6 9. Bg3 Bd7 10. Nd2 Nf6 11. N2f3 Ne4 12. Qd3 Rc8 13. Rc1 Rxc3 14. Rxc3 Nxc3 15. Qc2 Bb4 16. Ne2 Nxe2+ 17. Kxe2 0-0 18. Ne5 Nxe5 19. Bxe5 Rc8 20. Qb2 Qc6 21. Bxg7 Qc2+ 22. Qxc2 Rxc2+ 23. Kd1 Rd2+ 0-1

[Event "Jastrzebie Zdroj op 4th"]
[Site "Jastrzebie Zdroj"]
[Date "2021.11.12"]
[Round "8"]
[White "Matusiak, Andrzej1111"]
[Black "Dylong, Antoni"]
[Result "0-1"]
[WhiteElo "1659"]
[BlackElo "1551"]
[PlyCount "36"]
[EventDate "2021.11.07"]
[EventType "swiss"]
[EventRounds "9"]
[EventCountry "POL"]
[SourceTitle "CBM 205 Extra"]
[Source "ChessBase"]
[SourceDate "2022.01.31"]
[SourceVersion "1"]
[SourceVersionDate "2022.01.31"]
[SourceQuality "1"]

1. e4 c5 2. Nf3 d6 3. b3 e6 4. Bb2 Nf6 5. d3 Nc6 6. Be2 Be7 7. 0-0 0-0 8. Nbd2 Nd7 9. Nc4 b5 10. Ne3 Bf6 11. Bxf6 Qxf6 12. c4 b4 13. h3 Bb7 14. Nc2 Qg6 15. Nh2 Rad8 16. Bh5 Qf6 17. Ng4 Qg5 18. f4 Qxh5 0-1

[Event "Jastrzebie Zdroj op 4th"]
[Site "Jastrzebie Zdroj"]
[Date "2021.11.11"]
[Round "6"]
[White "Marcinowski, Marek"]
[Black "Dylong, Antoni"]
[Result "1-0"]
[WhiteElo "1740"]
[BlackElo "1551"]
[PlyCount "67"]
[EventDate "2021.11.07"]
[EventType "swiss"]
[EventRounds "9"]
[EventCountry "POL"]
[SourceTitle "CBM 205 Extra"]
[Source "ChessBase"]
[SourceDate "2022.01.31"]
[SourceVersion "1"]
[SourceVersionDate "2022.01.31"]
[SourceQuality "1"]

1. d4 c5 2. c3 Nf6 3. Nf3 d5 4. Bf4 Nc6 5. e3 Bf5 6. Qb3 Qc8 7. dxc5 e6 8. Qa3 Ne4 9. b4 a5 10. Qb2 g5 11. Nxg5 Nxg5 12. Bxg5 Bg7 13. Bb5 axb4 14. Qxb4 0-0 15. Qb2 Na7 16. Be7 Nxb5 17. Bxf8 Qxf8 18. Qxb5 Bxb1 19. Rxb1 Bxc3+ 20. Kf1 Rc8 21. g3 d4 22. exd4 Bxd4 23. Kg2 Rxc5 24. Qxb7 Rc2 25. Rhf1 Qc5 26. Qf3 f5 27. Qa8+ Kg7 28. Rb7+ Kh6 29. Qb8 Qd5+ 30. Kh3 Bg7 31. Rb4 Rc4 32. Rxc4 Qxc4 33. Qf4+ Qxf4 34. gxf4 1-0

[Event "Skalica Schaeffler op"]
[Site "Skalica"]
[Date "2020.08.23"]
[Round "1"]
[White "Dylong, Antoni"]
[Black "Kapolkova, Greta"]
[Result "1-0"]
[WhiteElo "1189"]
[BlackElo "1545"]
[PlyCount "71"]
[EventDate "2020.08.23"]
[EventType "swiss"]
[EventRounds "9"]
[EventCountry "SVK"]
[SourceTitle "CBM 198 Extra"]
[Source "ChessBase"]
[SourceDate "2020.11.30"]
[SourceVersion "1"]
[SourceVersionDate "2020.11.30"]
[SourceQuality "1"]

1. b4 e5 2. Bb2 f6 3. b5 d5 4. e3 Bf5 5. Nf3 Bd6 6. Be2 Ne7 7. d3 0-0 8. 0-0 Qe8 9. c4 c6 10. bxc6 bxc6 11. cxd5 cxd5 12. e4 Be6 13. Nbd2 Nd7 14. d4 Ng6 15. exd5 Bxd5 16. Nc4 Bxc4 17. Bxc4+ Kh8 18. dxe5 Bxe5 19. Nxe5 Ndxe5 20. Bb3 Qb5 21. Qd5 Qe2 22. Bxe5 Qxe5 23. Qxe5 Nxe5 24. f4 Nd7 25. Rac1 Rac8 26. Rxc8 Rxc8 27. Be6 Rd8 28. Rd1 h6 29. Rxd7 Re8 30. f5 Rc8 31. Rxa7 Rc1+ 32. Kf2 Rc2+ 33. Kg3 Rc3+ 34. Kf4 Rc2 35. Ra8+ Kh7 36. Bg8+ 1-0